000 00600nam a22001817a 4500
003 PILC
005 20250807112321.0
008 240315b |||||||| |||| 00| 0 eng d
010 _aAcc#48410
020 _a0842314024
040 _cPhilippine Baptist Theological Seminary
050 _aBX 9750.S4
_bE44 1980
100 _aElkins, Chris
_eAuthor
245 _aHeavenly deception : one man's spiritual descent into the very core of the Moonies /
_cChris Elkins.
264 _aWheaton, Illinois, U.S.A. :
_bTyndale House Publishers, Inc.,
_c©1980.
300 _a142 pages ;
_c21 cm.
942 _2lcc
_cCB
999 _c74528
_d74528